Statistiques concernant Personnages Death Note

Cliquez ici pour prendre le quiz!

Statistiques générales

  • Ce quiz a été pris 58 fois
  • Le résultat moyen est 10 sur 42

Statistiques - réponses

Réponse% Correct
L
100%
Light
96%
Ryuk
94%
Misa
90%
Near
79%
Mello
67%
Rem
63%
Matsuda
56%
Watari
48%
Soichiro
37%
Teru
29%
Naomi
25%
Higuchi
19%
Jealous
19%
Raye
19%
Sayu
19%
Mogi
17%
Matt
13%
Wedy
13%
Kiyomi
12%
Ukita
12%
Beyond
10%
Aiber
8%
Ide
8%
Sachiko
8%
Tailor
8%
Kida
6%
Kuro
6%
Stephen
6%
Dellidublly
4%
Gook
4%
Roger
4%
Sidoh
4%
Suguru
4%
Carter
2%
Justin
2%
Kal
2%
Miller
2%
Nori
2%
Reji
2%
Sasaki
2%
Shingo
2%

Distribution des résultats

Percentile par nombre de réponses

% des personnes avec chaque résultat

Votre développement - résultats

Vous n’avez pas pris ce quiz